Розладдє (Запис № 354331)

МАРК-запис
000 -Лідер
fixed length control field 00773nam a22002537a 4500
001 - Контрольний номер
control field 117890
003 - Ідентифікатор контрольного номера
control field UA-OsUOA
005 - Дата та час останнього входження (трансакції)
control field 20200221102237.0
007 - Фіксоване поле фізичного опису
fixed length control field ta
008 - Елементи даних фіксованої довжини – загальна інформація
fixed length control field 20160622b un ||||| |||| 00| 0 ukr d
040 ## - Джерело каталогізації
Агенція оригінальної каталогізації UA-OsUOA
Мова каталогізації ukr
Агенція, яка здійснювала перезапис UA-OsUOA
Агенція, яка здійснювала модифікацію UA-OsUOA
041 ## - Код мови
Код мови тексту/ звукової доріжки чи окремого заголовка (П) ukr
080 ## - Індекс Універсальної десяткової класифікації
Індекс Універсальної десяткової класифікації (УДК) (НП) 821.161.2:09
090 ## - Локальний шифр розміщення
Класифікаційний індекс УДК 821.161.2:09
Авторський знак (НП) Н63
100 ## - Основне введення – ім’я особи
Ім’я особи (НП) Николишин Д.
245 ## - Відомості про назву
Назва (НП) Розладдє
Решта назви (НП) драма в 4 актах
260 ## - Публікація, розповсюдження і т.п. (Вихідні дані)
Місце публікації, розповсюдження і т.п. (П) Коломия
Ім’я/ наймення видавництва, розповсюджувача і т.п. (П) Галицька Накладня
300 ## - Фізичний опис
Обсяг 144 с.
591 ## - Дарувальник
Назва організації Родина Лисиків
650 #7 - Додаткове предметне введення – тематичний термін
Тематичний термін чи географічна назва, як елемент введення (НП) 09 Рукописи. Раритети і рідкісні видання
Джерело заголовка чи терміна UDC
650 #7 - Додаткове предметне введення – тематичний термін
Тематичний термін чи географічна назва, як елемент введення (НП) 82 Література. Літературознавство
942 ## - Додаткові елементи входу (Коха)
Тип елемента Koha Рідкісне/цінне видання
Source of classification or shelving scheme Universal Decimal Classification
955 ## - Код типу видання за змістом
Код типу видання за змістом (НП) Літературно-художні видання
Фонди
Стан вилучень Стан втрат Джерело класифікації або схеми стелажів Стан уражень Не для кредиту Постійне місце розташування Поточне розміщення Дата придбання Джерело придбання Вартість, звичайна ціна покупки Інвентарний номер Усього замовленно Повний номер виклику Штрих-код Дата останнього перегляду Ціна ефективна від Тип елемента Koha
    Universal Decimal Classification     АБ - Абонемент НБ АБ - Абонемент НБ 22/06/2016 29/2016 5.00 151529   821.161.2 Н63 151529 07/12/2021 22/06/2016 Рідкісне/цінне видання